[Notes on surveys of collieries in Yorkshire] (Record no. 114506)
[ view plain ]
| 000 -LEADER | |
|---|---|
| fixed length control field | 00861ctm a22001935a 4500 |
| 001 - CONTROL NUMBER | |
| control field | L156944 |
| 008 - FIXED-LENGTH DATA ELEMENTS--GENERAL INFORMATION | |
| fixed length control field | 120731m18221829xxk f 000 0 eng d |
| 035 ## - SYSTEM CONTROL NUMBER | |
| System control number | (Sirsi) u156944 |
| 041 0# - LANGUAGE CODE | |
| Language code of text/sound track or separate title | eng |
| 245 01 - TITLE STATEMENT | |
| Title | [Notes on surveys of collieries in Yorkshire] |
| Medium | [manuscript] |
| 260 ## - PUBLICATION, DISTRIBUTION, ETC. | |
| Date of publication, distribution, etc. | [1822-1829] |
| 300 ## - PHYSICAL DESCRIPTION | |
| Extent | 1 v. |
| Other physical details | 1 folded col. plan |
| Dimensions | 19 p. |
| 505 2# - FORMATTED CONTENTS NOTE | |
| Formatted contents note | Elsecar Old Colliery -- Elsecar New Colliery -- Law Wood Colliery -- Rainber Park Colliery -- Shephouse Wood -- Swallow Wood Colliery |
| 520 ## - SUMMARY, ETC. | |
| Summary, etc. | This is a set of handwritten notes relating to surveys of six collieries in Yorkshire dating from between 1822 and 1829. At the front of the volume is a hand-drawn folded plan showing a "supposed line of fault". |
| 583 ## - ACTION NOTE | |
| Action | Condition reviewed |
| Time/date of action | 20120620 |
| Status | condition level 1 |
| 651 #4 - SUBJECT ADDED ENTRY--GEOGRAPHIC NAME | |
| Geographic name | Yorkshire |
| 690 ## - LOCAL SUBJECT ADDED ENTRY--TOPICAL TERM (OCLC, RLIN) | |
| Topical term or geographic name as entry element | Minerals and waste |
| 9 (RLIN) | 6257 |
| 942 ## - ADDED ENTRY ELEMENTS (KOHA) | |
| Suppress in OPAC | 0 |
| Withdrawn status | Lost status | Damaged status | Not for loan | Home library | Current library | Shelving location | Date acquired | Total Checkouts | Full call number | Barcode | Date last seen | Copy number | Price effective from | Koha item type |
|---|---|---|---|---|---|---|---|---|---|---|---|---|---|---|
| Historic collection | Historic collection | Historic collection | 31/07/2012 | REGIONAL OCTAVO 1822 NOTES | 30077106 | 22/08/2025 | 1 | 06/08/2019 | Book |